La estructura agraria en siete países de América Latina /

Guardado en:
Bibliografiske detaljer
Hovedforfatter: Barraclough, Solón L.
Andre forfattere: Domike, Arthur
Format: Texto
Udgivet: Bogotá: OEA
Tags: Tilføj Tag
Ingen Tags, Vær først til at tagge denne postø!

MARC

LEADER 00000 a a2200000 04500
001 24846
003
040
090 |a 178600  
100 |a Barraclough, Solón L.  
245 |a La estructura agraria en siete países de América Latina /  |c Solón L. Barraclough 
260 |a Bogotá:   |b OEA  
300 |a 69 p.   |b **no definido**  
700 |a Domike, Arthur  
999 |c 10317  |d 10317